American Presidents Hangman Quiz Stats

 Plays Quiz not verified by Sporcle

Challenge
Share
Tweet
Embed
Score 0/162 Timer 05:00
0 Plays Today
Hint Answer % Correct
O4???
94.2%
L4???
92.9%
K4???
92.6%
P4???
92.6%
I5???
91.6%
O5???
91.6%
4-letter???
91.3%
X4???
90.9%
Z4???
90.6%
Q4???
90.3%
V4???
90.3%
N5???
89.6%
X5???
89%
W4???
87.7%
5-letter???
87.7%
J4???
87.4%
Y4???
87.4%
Z5???
87.4%
C6???
87.4%
E6???
87.4%
A7???
87.4%
M4???
86.7%
O7???
86.7%
Q5???
86.4%
V5???
86.4%
A8???
86.4%
R6???
86.1%
I6???
85.8%
S7???
85.8%
I7???
85.4%
P6???
85.1%
N7???
85.1%
C8???
85.1%
H8???
85.1%
U8???
85.1%
N4???
84.8%
Y5???
84.8%
B8???
84.8%
G4???
84.5%
W5???
84.5%
N8???
84.5%
M7???
83.8%
D4???
83.5%
H4???
83.5%
A9???
83.5%
6-letter???
83.2%
X6???
83.2%
8-letter???
83.2%
E9???
83.2%
J5???
82.8%
K5???
82.8%
P5???
82.8%
Z6???
82.8%
D7???
82.8%
Hint Answer % Correct
X8???
82.8%
Z8???
82.8%
C4???
82.5%
Q6???
82.5%
Q8???
82.5%
7-letter???
82.2%
V7???
82.2%
Z7???
82.2%
S4???
81.9%
V6???
81.9%
Q7???
81.9%
X7???
81.9%
V8???
81.9%
R4???
81.6%
F5???
81.6%
G5???
81.6%
W8???
81.2%
U4???
80.9%
Y6???
80.6%
L9???
80.6%
N9???
80.6%
B5???
80.3%
W6???
80.3%
Y7???
80.3%
Y8???
80.3%
C9???
79.9%
D9???
79.9%
C5???
79.6%
D5???
79.6%
U5???
79%
F7???
79%
W7???
79%
J8???
79%
V9???
79%
H5???
78.6%
J6???
78.6%
K6???
78.6%
P7???
78.3%
K8???
78.3%
K7???
78%
P8???
78%
F6???
77.7%
D8???
77.7%
9-letter???
77.7%
X9???
77.7%
F4???
77.3%
L5???
77.3%
B7???
77%
F8???
77%
G8???
77%
Q9???
77%
Z9???
77%
T4???
76.7%
I4???
76.4%
Hint Answer % Correct
M5???
76.4%
U6???
76.4%
G7???
76.4%
J7???
75.7%
H7???
75.4%
U7???
75.4%
S5???
75.1%
R5???
74.8%
B4???
73.8%
Y9???
73.5%
D6???
73.1%
M8???
73.1%
K9???
73.1%
W9???
73.1%
G6???
72.8%
H6???
72.8%
J9???
72.8%
E4???
72.5%
F9???
72.5%
T5???
72.2%
C7???
72.2%
B6???
71.8%
L7???
71.5%
R8???
70.2%
P9???
70.2%
L8???
69.9%
B9???
69.9%
G9???
68.6%
S8???
68%
H9???
68%
R7???
67.6%
T8???
67.6%
M6???
67.3%
T7???
67.3%
U9???
67.3%
L6???
67%
O6???
64.1%
M9???
63.1%
A4???
62.8%
S6???
62.8%
N6???
61.8%
T6???
60.5%
I8???
57%
O8???
57%
R9???
55%
T9???
55%
I9???
54%
O9???
53.4%
S9???
53.4%
E8???
51.1%
E5???
48.5%
E7???
47.6%
A5???
41.1%
A6???
36.6%

You're not logged in!

Compare scores with friends on all Sporcle quizzes.
OR
Log In

You Might Also Like...

Show Comments

Extras

Top Quizzes Today


Score Distribution

Your Account Isn't Verified!

In order to create a playlist on Sporcle, you need to verify the email address you used during registration. Go to your Sporcle Settings to finish the process.

Report this User

Report this user for behavior that violates our Community Guidelines.

Details: